Time almanac 2005 : (Record no. 357994)
[ view plain ]
| 000 -LEADER | |
|---|---|
| fixed length control field | 00555nam a2200217Ia 4500 |
| 008 - FIXED-LENGTH DATA ELEMENTS--GENERAL INFORMATION | |
| fixed length control field | 180620s9999 xx 000 0 und d |
| 020 ## - INTERNATIONAL STANDARD BOOK NUMBER | |
| International Standard Book Number | 1-932273-35-2 |
| 050 ## - LIBRARY OF CONGRESS CALL NUMBER | |
| Classification number | REF AY 64 |
| 050 ## - LIBRARY OF CONGRESS CALL NUMBER | |
| Item number | .B78 2004 |
| 100 ## - MAIN ENTRY--PERSONAL NAME | |
| Personal name | Brunner, Borgna. |
| 245 #0 - TITLE STATEMENT | |
| Title | Time almanac 2005 : |
| 245 #0 - TITLE STATEMENT | |
| Remainder of title | with information please / |
| 245 #0 - TITLE STATEMENT | |
| Statement of responsibility, etc | Borgna Brunner |
| 260 ## - PUBLICATION, DISTRIBUTION, ETC. (IMPRINT) | |
| Place of publication, distribution, etc | Needham, MA : |
| 260 ## - PUBLICATION, DISTRIBUTION, ETC. (IMPRINT) | |
| Name of publisher, distributor, etc | Information Please. |
| 260 ## - PUBLICATION, DISTRIBUTION, ETC. (IMPRINT) | |
| Date of publication, distribution, etc | 2004 |
| 300 ## - PHYSICAL DESCRIPTION | |
| Extent | 1039 pages : |
| 300 ## - PHYSICAL DESCRIPTION | |
| Other physical details | illustrations (some color) ; |
| 300 ## - PHYSICAL DESCRIPTION | |
| Dimensions | 21 cm. |
| 650 ## - SUBJECT ADDED ENTRY--TOPICAL TERM | |
| Topical term or geographic name as entry element | Almanacs, American. |
| Withdrawn status | Lost status | Damaged status | Home library | Current library | Shelving location | Date acquired | Cost, normal purchase price | Total Checkouts | Full call number | Barcode | Date last seen | Price effective from | Koha item type |
|---|---|---|---|---|---|---|---|---|---|---|---|---|---|
| South Mansfield College | South Mansfield College | Reference Section | 03/07/2005 | 599.00 | REF AY 64 .B78 2004 | SMC00914 | 06/20/2018 | 06/20/2018 | Books |